| 000 | 00000nam##2200000za#4500 |
| 001 | 9.681662 |
| 003 | CaOODSP |
| 005 | 20210924135634 |
| 007 | ta |
| 008 | 150407|2001||||xxc||||| f|0| 0 fre|d |
| 020 | |a0-662-86381-X |
| 040 | |aCaOODSP|bfre |
| 043 | |an-cn--- |
| 086 | 1 |aRG52-41/2001F |
| 110 | 1 |aCanada. |bBureau de la concurrence. |
| 245 | 10|aRapport de l'analyse comparative de l'examen des fusionnements |
| 260 | |aOttawa - Ontario : |bIndustrie Canada. |c2001. |
| 300 | |a146p. : |bfigures, références, tableaux ; |c28 cm. |
| 563 | |aReliure à anneaux |
| 590 | |a01-42|b2001-10-19 |
| 691 | 07|aFusion|2gcpds |
| 775 | 08|tMerger Review benchmarking report |w(CaOODSP)9.648359 |
| 776 | 0#|tRapport de l'analyse comparative de l'examen des fusionnements |w(CaOODSP)9.642035 |